[Event "European Youth Chess Championship G16"]
[Site "Prague, Top Hotel Prague"]
[Date "2016.08.19"]
[Round "2.35"]
[White "Lomandong, Noela-Joyce"]
[Black "Daliga, Anita"]
[Result "1/2-1/2"]
[WhiteElo "1841"]
[BlackElo "1638"]
[PlyCount "87"]
[EventDate "2016.08.18"]

1. Nf3 b6 2. g3 Bb7 3. Bg2 e6 4. c4 c5 5. Nc3 Ne7 6. O-O d6 7. d4 cxd4 8. Nxd4
Bxg2 9. Kxg2 Nbc6 10. Ndb5 Nc8 11. e4 a6 12. Nd4 N8a7 13. Be3 Nxd4 14. Bxd4 Qc7
15. Qa4+ Nc6 16. f4 Qb7 17. Rad1 f6 18. Kg1 Be7 19. e5 dxe5 20. fxe5 f5 21. Ne2
O-O 22. Qb3 Nxd4 23. Nxd4 Bc5 24. Qc3 Rfd8 25. b4 Bxd4+ 26. Rxd4 Qc7 27. Rfd1
Rxd4 28. Qxd4 Rc8 29. a3 a5 30. Qd6 Qxc4 31. Qxb6 axb4 32. axb4 Kf7 33. Qb7+
Kf8 34. Qd7 Qc6 35. Qd6+ Qxd6 36. exd6 Rd8 37. Kf2 Kf7 38. Ke3 e5 39. b5 Ke6
40. b6 Rxd6 41. Rb1 Rd8 42. b7 Rb8 43. Rb6+ Kd7 44. Rb5 1/2-1/2

[Event "European Youth Chess Championship G16"]
[Site "Prague, Top Hotel Prague"]
[Date "2016.08.19"]
[Round "2.36"]
[White "Tomic, Jelena"]
[Black "Ayan, Bengu Sena"]
[Result "0-1"]
[WhiteElo "1631"]
[BlackElo "1835"]
[PlyCount "70"]
[EventDate "2016.08.18"]

1. e4 e6 2. d4 d5 3. e5 c5 4. c3 Qb6 5. a3 Nc6 6. Nf3 Bd7 7. b4 cxd4 8. cxd4
Rc8 9. Bb2 Nh6 10. Be2 Be7 11. O-O Nf5 12. Re1 O-O 13. Bd3 Kh8 14. Bxf5 exf5
15. Nc3 Be6 16. Qd3 Na5 17. Nd2 Nc4 18. Nxc4 Rxc4 19. Rad1 a5 20. b5 Rfc8 21.
Re3 a4 22. Re2 Qa5 23. Nb1 Qxb5 24. f4 Qa6 25. Qf3 Rc2 26. Rdd2 Rc1+ 27. Bxc1
Rxc1+ 28. Kf2 Rxb1 29. Qc3 h6 30. Rb2 Rxb2 31. Rxb2 Bd7 32. h3 Bc6 33. g4 fxg4
34. hxg4 Qc4 35. Qe3 Bb5 {time white zero} 0-1

[Event "European Youth Chess Championship G16"]
[Site "Prague, Top Hotel Prague"]
[Date "2016.08.19"]
[Round "2.37"]
[White "Pellicoro, Nathalie"]
[Black "Ahmadova, Irada"]
[Result "0-1"]
[WhiteElo "1832"]
[BlackElo "1627"]
[PlyCount "75"]
[EventDate "2016.08.18"]

1. e4 c5 2. Nc3 e6 3. f4 a6 4. g3 Nc6 5. Bg2 d6 6. Nf3 Qc7 7. O-O Nf6 8. d3 b5
9. Qe2 Bb7 10. e5 Nd7 11. Nd5 Qb8 12. exd6 Bxd6 13. f5 Nce5 14. fxe6 fxe6 15.
Nf4 O-O 16. Nxe5 Bxe5 17. c3 Bxg2 18. Qxg2 Qd6 19. Qe2 b4 20. Bd2 Rab8 21. Rab1
Rb6 22. Ng2 Qd5 23. Rxf8+ Nxf8 24. Re1 Bf6 25. cxb4 Qxa2 26. Be3 Rxb4 27. Bxc5
Rxb2 28. Qf1 Qd5 29. Bxf8 Kxf8 30. Rb1 Rd2 31. Re1 Ke7 32. Ne3 Qxd3 33. Nf5+
Kf7 34. Qxd3 Rxd3 35. Ne3 Bd4 36. Kf2 Bxe3+ 37. Rxe3 Rxe3 38. Kxe3 0-1

[Event "European Youth Chess Championship G16"]
[Site "Prague, Top Hotel Prague"]
[Date "2016.08.19"]
[Round "2.38"]
[White "Buchta, Agnieszka"]
[Black "Giordano, Giulia"]
[Result "1/2-1/2"]
[WhiteElo "1599"]
[BlackElo "1831"]
[PlyCount "63"]
[EventDate "2016.08.18"]

1. e4 d6 2. d4 Nf6 3. Nc3 g6 4. Bg5 Bg7 5. e5 Nfd7 6. f4 f6 7. exf6 exf6 8. Bh4
O-O 9. Be2 Nb6 10. Nf3 d5 11. Bf2 Nc6 12. O-O Be6 13. Qd2 Qd7 14. Rfe1 Ne7 15.
b3 Nf5 16. a4 a5 17. Bd3 c6 18. Re2 Nd6 19. Rae1 Rae8 20. Nd1 Na8 21. Qxa5 b6
22. Qb4 Bh6 23. Bg3 Nb7 24. c4 c5 25. Qc3 Qf7 26. Ne3 Nc7 27. cxd5 Bxd5 28. Bc4
Bxc4 29. Qxc4 Qxc4 30. Nxc4 Rxe2 31. Rxe2 Nd5 32. Re6 1/2-1/2

[Event "European Youth Chess Championship G16"]
[Site "Prague, Top Hotel Prague"]
[Date "2016.08.19"]
[Round "2.39"]
[White "Vlkova, Anezka"]
[Black "Litvjakova, Darija"]
[Result "1-0"]
[WhiteElo "1823"]
[BlackElo "1597"]
[PlyCount "81"]
[EventDate "2016.08.18"]

1. e4 c6 2. d4 d5 3. f3 dxe4 4. fxe4 Nf6 5. Nc3 Bg4 6. Be2 Bxe2 7. Ngxe2 e6 8.
O-O Nbd7 9. Nf4 e5 10. dxe5 Nxe5 11. Qe2 Qb6+ 12. Kh1 Be7 13. Be3 Qc7 14. Rad1
O-O 15. Nh5 Ng6 16. Bd4 Ne5 17. Rf5 Ned7 18. Nxf6+ Nxf6 19. e5 Ne8 20. Rdf1 Qd7
21. Qf2 f6 22. Bxa7 Nc7 23. exf6 Rxf6 24. Rxf6 Bxf6 25. Rd1 Qe6 26. Bd4 Bxd4
27. Qxd4 Re8 28. h3 Na6 29. a3 Qg6 30. Qc4+ Qf7 31. Qxf7+ Kxf7 32. Kg1 Nc5 33.
Kf2 Re6 34. g4 Kg6 35. Kf3 Re7 36. Ne2 Nd7 37. Nf4+ Kg5 38. h4+ Kxh4 39. Rh1+
Kg5 40. Rh5+ Kf6 41. Rf5# 1-0

[Event "European Youth Chess Championship G16"]
[Site "Prague, Top Hotel Prague"]
[Date "2016.08.19"]
[Round "2.40"]
[White "Nass, Sara"]
[Black "Markova, Ralitca"]
[Result "1-0"]
[WhiteElo "1814"]
[BlackElo "1581"]
[PlyCount "65"]
[EventDate "2016.08.18"]

1. e4 c5 2. Nf3 d6 3. d4 cxd4 4. Nxd4 Nf6 5. Nc3 g6 6. Be3 Bg7 7. f3 O-O 8. Qd2
Nc6 9. Bc4 Bd7 10. O-O-O Rc8 11. Bb3 Ne5 12. Kb1 Nc4 13. Bxc4 Rxc4 14. h4 h5
15. g4 hxg4 16. h5 Nxh5 17. fxg4 Bxg4 18. Rdg1 Qd7 19. Rh4 Nf6 20. Nb3 Nxe4 21.
Qh2 Nxc3+ 22. bxc3 Be5 23. Qf2 f5 24. Bd4 Qe6 25. Rgh1 Qf6 26. Qe3 Kf7 27. Rh7+
Ke8 28. Bxe5 Qxe5 29. Qxa7 Qxc3 30. Qxb7 Qxc2+ 31. Ka1 Qc3+ 32. Kb1 Bf3 33.
Qxe7# 1-0

[Event "European Youth Chess Championship G16"]
[Site "Prague, Top Hotel Prague"]
[Date "2016.08.19"]
[Round "2.41"]
[White "Garcia, Megan Alyssa"]
[Black "Panainte, Andreea-Bianca"]
[Result "0-1"]
[WhiteElo "1592"]
[BlackElo "1799"]
[PlyCount "116"]
[EventDate "2016.08.18"]

1. e4 e6 2. d4 d5 3. Nd2 Nc6 4. Ngf3 Nf6 5. e5 Nd7 6. c3 f6 7. exf6 Qxf6 8. Bb5
a6 9. Bxc6 bxc6 10. O-O Bd6 11. Qe2 O-O 12. Re1 Re8 13. Ne5 c5 14. Ndf3 h6 15.
Ng4 Qe7 16. Nfe5 Bxe5 17. Nxe5 cxd4 18. cxd4 Nxe5 19. Qxe5 Bb7 20. Bd2 Rac8 21.
Re3 Qd6 22. Qh5 Kh8 23. Rg3 Qf8 24. Re1 Qf5 25. Rg5 Qc2 26. Be3 a5 27. Rg6 Qf5
28. Rg5 Qc2 29. Re5 Qh7 30. h3 Re7 31. Bd2 Rf8 32. Bxa5 Qc2 33. R5e2 Qa4 34.
Bc3 Ref7 35. b3 Qb5 36. Bd2 Bc8 37. Qe5 Kh7 38. Rf1 Ba6 39. Rfe1 Qd7 40. Qxe6
Bxe2 41. Qxe2 Qf5 42. Be3 Rf6 43. Rc1 Qd7 44. Qc2+ Rg6 45. Kh1 c6 46. Qd3 Rf5
47. Qe2 Qe6 48. a4 Qe4 49. f3 Qe6 50. g4 Rf8 51. Re1 Re8 52. Qf2 Qf7 53. Kg2
Kh8 54. b4 Rge6 55. Bd2 Rxe1 56. Bxe1 Qg6 57. Kg3 Qd3 58. Qd2 Qf1 0-1

[Event "European Youth Chess Championship G16"]
[Site "Prague, Top Hotel Prague"]
[Date "2016.08.19"]
[Round "2.42"]
[White "Jorge, Rita Maria Osorio"]
[Black "Zach, Asif"]
[Result "1-0"]
[WhiteElo "1794"]
[BlackElo "1569"]
[PlyCount "97"]
[EventDate "2016.08.18"]

1. e4 c5 2. Nf3 g6 3. d4 cxd4 4. Nxd4 Bg7 5. c4 Nc6 6. Be3 Nf6 7. Nc3 d6 8. Be2
O-O 9. O-O Bd7 10. b3 Nxd4 11. Bxd4 Bc6 12. f3 Nd7 13. Bxg7 Kxg7 14. Qd4+ Kg8
15. Kh1 Qb6 16. Qd2 a5 17. Rab1 Nc5 18. Rfe1 Qb4 19. Rbd1 Rfe8 20. Nd5 Qxd2 21.
Rxd2 Bxd5 22. exd5 Rec8 23. Bf1 Kf8 24. f4 Ra6 25. Re3 Rb6 26. Rb2 Na6 27. a3
Rc7 28. g4 Kg7 29. Kg2 Kf6 30. g5+ Kg7 31. Kg3 Kf8 32. h4 Nc5 33. b4 axb4 34.
axb4 Nd7 35. b5 Nc5 36. h5 e6 37. Bg2 Na6 38. Ra3 Nc5 39. Ra8+ Ke7 40. h6 Nd7
41. Rb4 e5 42. Rba4 exf4+ 43. Kxf4 f6 44. Rh8 fxg5+ 45. Kxg5 Nf6 46. Bf1 Ne4+
47. Kf4 Nf6 48. Rha8 Rd7 49. Bd3 1-0

[Event "European Youth Chess Championship G16"]
[Site "Prague, Top Hotel Prague"]
[Date "2016.08.19"]
[Round "2.43"]
[White "Koljevic, Nikolina"]
[Black "Silva, Ana Ines Teixeira Da"]
[Result "0-1"]
[WhiteElo "1509"]
[BlackElo "1781"]
[PlyCount "112"]
[EventDate "2016.08.18"]

1. e4 c6 2. d4 d5 3. e5 c5 4. dxc5 e6 5. Be3 Nd7 6. Bb5 Qa5+ 7. Nc3 a6 8. Bxd7+
Bxd7 9. Nf3 Bxc5 10. Bxc5 Qxc5 11. O-O Ne7 12. Qd4 Qxd4 13. Nxd4 O-O 14. f4
Rfc8 15. Nce2 Nc6 16. Nxc6 bxc6 17. Rad1 Rab8 18. b3 c5 19. c4 Bc6 20. cxd5
exd5 21. Ng3 c4 22. Nf5 Rc7 23. bxc4 dxc4 24. Rb1 Rxb1 25. Rxb1 h6 26. Nd6 c3
27. Rc1 Ba4 28. Kf2 c2 29. Ke3 Rc3+ 30. Kd2 Rc5 31. Ne4 Rd5+ 32. Kc3 Rd1 33.
Kb2 Rd4 34. Nc3 Rxf4 35. Nxa4 Rxa4 36. Rxc2 Re4 37. h3 Rxe5 38. Rd2 Re3 39. a3
g5 40. Rc2 Kg7 41. Rf2 Kg6 42. Rc2 Kh5 43. Rf2 Rg3 44. a4 f5 45. Ka2 f4 46. Kb2
Kh4 47. Ka2 Re3 48. Rc2 Kg3 49. Rd2 h5 50. Rc2 g4 51. hxg4 hxg4 52. Rd2 f3 53.
gxf3 gxf3 54. Rd8 f2 55. Rg8+ Kf3 56. Rf8+ Ke2 0-1

[Event "European Youth Chess Championship G16"]
[Site "Prague, Top Hotel Prague"]
[Date "2016.08.19"]
[Round "2.44"]
[White "Nemcova, Kamila"]
[Black "Smith, Sarah E"]
[Result "1-0"]
[WhiteElo "1774"]
[BlackElo "1478"]
[PlyCount "97"]
[EventDate "2016.08.18"]

1. e4 d5 2. exd5 Qxd5 3. Nc3 Qd8 4. d4 Nf6 5. Nf3 Bg4 6. Be3 e6 7. Be2 Bxf3 8.
Bxf3 c6 9. O-O Nbd7 10. Re1 Bd6 11. Bg5 O-O 12. Ne4 Be7 13. Nxf6+ Nxf6 14. c3
Nd5 15. Bxe7 Qxe7 16. Qb3 Rfd8 17. c4 Nc7 18. d5 cxd5 19. cxd5 Rab8 20. Rad1 b6
21. dxe6 Nxe6 22. Bd5 Kh8 23. Rc1 Rbc8 24. Rxc8 Rxc8 25. g3 Re8 26. Kf1 h6 27.
f4 Qf6 28. Bxe6 fxe6 29. Kg2 Kh7 30. Qd3+ g6 31. Re5 Rd8 32. Qe2 Re8 33. h4 h5
34. Qc2 Re7 35. Rxh5+ Kg7 36. Re5 Qf8 37. Rg5 Qf6 38. h5 Kf8 39. Rxg6 Qh8 40.
h6 e5 41. Qf5+ Ke8 42. Qc8+ Kf7 43. Qxh8 Kxg6 44. Qxe5 Rxe5 45. fxe5 Kxh6 46.
Kf3 Kg5 47. Ke4 a5 48. Kd5 Kf5 49. g4+ 1-0

[Event "European Youth Chess Championship G16"]
[Site "Prague, Top Hotel Prague"]
[Date "2016.08.19"]
[Round "2.45"]
[White "Karatiken, Seray"]
[Black "Karykowska, Anna"]
[Result "0-1"]
[WhiteElo "1489"]
[BlackElo "1772"]
[PlyCount "62"]
[EventDate "2016.08.18"]

1. d4 Nf6 2. Nf3 e6 3. c4 Bb4+ 4. Bd2 a5 5. Nc3 d6 6. e3 Nbd7 7. Bd3 e5 8. Qc2
Qe7 9. dxe5 dxe5 10. Nd5 Nxd5 11. cxd5 Bd6 12. O-O g6 13. e4 O-O 14. Bh6 Re8
15. Bb5 Rd8 16. Qe2 Nc5 17. Rac1 Bg4 18. Bd2 f5 19. Bd3 Rf8 20. Bc3 Nxd3 21.
Qxd3 fxe4 22. Qxe4 Bxf3 23. gxf3 Rf4 24. Qd3 Qg5+ 25. Kh1 Qh5 26. Kg2 Raf8 27.
Rce1 Rxf3 28. Qe4 R8f4 29. Qe2 e4 30. Kh1 Rh4 31. Qxf3 Qxf3+ 0-1

[Event "European Youth Chess Championship G16"]
[Site "Prague, Top Hotel Prague"]
[Date "2016.08.19"]
[Round "2.46"]
[White "Jibuti, Nata"]
[Black "Smajzrova, Veronika"]
[Result "1/2-1/2"]
[WhiteElo "1761"]
[BlackElo "1442"]
[PlyCount "120"]
[EventDate "2016.08.18"]

1. e4 e6 2. d4 d5 3. Nc3 Nf6 4. e5 Nfd7 5. f4 c5 6. Nf3 Nc6 7. Be3 cxd4 8. Nxd4
Bc5 9. Qd2 O-O 10. Be2 a6 11. O-O Nxd4 12. Bxd4 b5 13. Kh1 Bb7 14. Rad1 Rc8 15.
f5 Bxd4 16. Qxd4 f6 17. fxe6 Nxe5 18. e7 Qxe7 19. Nxd5 Qc5 20. c3 Qxd5 21.
Qxd5+ Bxd5 22. Rxd5 Rcd8 23. Rfd1 Rxd5 24. Rxd5 Re8 25. a4 bxa4 26. Bxa6 Ra8
27. Ra5 Rd8 28. h3 Rd2 29. Rxa4 Rxb2 30. c4 Rc2 31. Bb7 Kf8 32. Bd5 g6 33. Ra8+
Kg7 34. Ra7+ Kh6 35. Rc7 Nd3 36. Bg8 Kg5 37. Rxh7 Nf4 38. g4 Rc1+ 39. Kh2 Rc3
40. Rh8 Nd3 41. Be6 Kf4 42. Rd8 Ke5 43. Bf7 Nf4 44. Rh8 g5 45. Re8+ Kd6 46. Rh8
Ke7 47. Bd5 Nxd5 48. cxd5 Rd3 49. Rh7+ Kd6 50. Rf7 Ke5 51. Re7+ Kf4 52. Re6 f5
53. gxf5 Rd2+ 54. Kg1 Kxf5 55. Rd6 Ke5 56. Re6+ Kf5 57. Rd6 Ke5 58. Re6+ Kf5
59. Rd6 Ke5 60. Re6+ Kf5 1/2-1/2

[Event "European Youth Chess Championship G16"]
[Site "Prague, Top Hotel Prague"]
[Date "2016.08.20"]
[Round "3.1"]
[White "Tsolakidou, Stavroula"]
[Black "Avetisyan, Mariam"]
[Result "1-0"]
[WhiteElo "2363"]
[BlackElo "2079"]
[PlyCount "85"]
[EventDate "2016.08.18"]

1. d4 d5 2. c4 e6 3. Nf3 Be7 4. g3 Nf6 5. Bg2 O-O 6. O-O dxc4 7. Qc2 b5 8. a4
b4 9. Nbd2 Bb7 10. Nxc4 Be4 11. Qb3 Nc6 12. Be3 Bd5 13. Qd3 Be4 14. Qd1 Rb8 15.
Ncd2 Bd5 16. Bg5 Nxd4 17. Nxd4 Bxg2 18. Nxe6 fxe6 19. Kxg2 Ng4 20. Bxe7 Qxe7
21. Qb3 Rbd8 22. Nf3 Rd5 23. e4 Rh5 24. h3 Ne5 25. Nd4 Rf6 26. f4 Nf7 27. g4
Rhh6 28. e5 Rfg6 29. Nf3 a5 30. Rac1 Nd8 31. Qc4 c6 32. Rcd1 Rh5 33. Qd4 Nf7
34. Qb6 h6 35. Qxc6 Rf5 36. Rd7 Qf8 37. Qe4 h5 38. Nh4 Ng5 39. Nxg6 Nxe4 40.
Nxf8 Rxf8 41. f5 Nc5 42. fxe6 Rxf1 43. Rd8+ 1-0

[Event "European Youth Chess Championship G16"]
[Site "Prague, Top Hotel Prague"]
[Date "2016.08.20"]
[Round "3.2"]
[White "Radeva, Viktoria"]
[Black "Obolentseva, Alexandra"]
[Result "1/2-1/2"]
[WhiteElo "2080"]
[BlackElo "2339"]
[PlyCount "97"]
[EventDate "2016.08.18"]

1. e4 c5 2. Nf3 d6 3. d4 cxd4 4. Qxd4 Nc6 5. Bb5 Bd7 6. Qd3 Nf6 7. c4 g6 8. O-O
Bg7 9. Nc3 O-O 10. h3 Rc8 11. Be3 a6 12. Bxc6 Bxc6 13. Rac1 Nd7 14. Nd4 Nc5 15.
Qb1 Bd7 16. Rfd1 f5 17. f3 f4 18. Bf2 Bxd4 19. Bxd4 Ne6 20. Qd3 Ng5 21. Bf2 Rc6
22. Nd5 e5 23. Kh2 Be6 24. Rc3 Bxd5 25. Qxd5+ Nf7 26. b4 Qc7 27. a4 b5 28. axb5
axb5 29. Qxb5 Rb8 30. Qa5 Qc8 31. b5 Rxc4 32. Rxc4 Qxc4 33. b6 Qc2 34. Qd2 Qxd2
35. Rxd2 Kf8 36. Rc2 Ke8 37. Rc7 h6 38. Kg1 g5 39. Kf1 Nd8 40. Ke2 Ra8 41. Ra7
Rc8 42. Kd2 Rc4 43. Rg7 Ra4 44. Ra7 Rb4 45. Kc2 Rc4+ 46. Kd2 Rb4 47. Kc2 Rc4+
48. Kd2 Rb4 49. Kc2 1/2-1/2

[Event "European Youth Chess Championship G16"]
[Site "Prague, Top Hotel Prague"]
[Date "2016.08.20"]
[Round "3.3"]
[White "Dimitrova, Aleksandra"]
[Black "Olde, Margareth"]
[Result "1-0"]
[WhiteElo "2259"]
[BlackElo "2059"]
[PlyCount "75"]
[EventDate "2016.08.18"]

1. e4 e5 2. Nf3 Nc6 3. Bb5 a6 4. Ba4 Nf6 5. O-O b5 6. Bb3 Bc5 7. a4 Rb8 8. axb5
axb5 9. Nxe5 Nxe5 10. d4 Bxd4 11. Qxd4 d6 12. f4 Nc6 13. Qc3 Bb7 14. e5 Ne4 15.
Qe3 Ne7 16. Nd2 Nxd2 17. Bxd2 O-O 18. Bc3 Nd5 19. Bxd5 Bxd5 20. Rfd1 c6 21. Qg3
g6 22. Bb4 dxe5 23. Bxf8 exf4 24. Qxf4 Qxf8 25. Re1 Qc5+ 26. Qf2 Qb4 27. b3 Qg4
28. Ra7 Rf8 29. Rae7 h5 30. h3 Qg5 31. Re8 Rxe8 32. Rxe8+ Kh7 33. c4 bxc4 34.
bxc4 Be6 35. Qd4 Qc1+ 36. Kh2 g5 37. Rh8+ Kg6 38. Rg8+ 1-0

[Event "European Youth Chess Championship G16"]
[Site "Prague, Top Hotel Prague"]
[Date "2016.08.20"]
[Round "3.4"]
[White "Cvitan, Ena"]
[Black "Avramidou, Anastasia"]
[Result "0-1"]
[WhiteElo "2045"]
[BlackElo "2244"]
[PlyCount "104"]
[EventDate "2016.08.18"]

1. d4 g6 2. c4 Bg7 3. e4 c5 4. d5 d6 5. Nf3 e6 6. Bd3 Ne7 7. O-O O-O 8. Nc3 h6
9. a3 exd5 10. exd5 Na6 11. Re1 Bf5 12. h3 Nc7 13. Bf4 b5 14. Bxf5 Nxf5 15.
cxb5 g5 16. Bh2 Nd4 17. a4 f5 18. Nxd4 cxd4 19. Na2 Qd7 20. Nb4 f4 21. Qh5 Qf5
22. Qg4 Nxd5 23. Qxf5 Rxf5 24. Nd3 Rf7 25. Rac1 a6 26. Rc6 axb5 27. Rxd6 Nc7
28. axb5 Nxb5 29. Rd5 Nc7 30. Rc5 Rb8 31. h4 Rb3 32. Nc1 Rb5 33. Rxb5 Nxb5 34.
hxg5 hxg5 35. Nd3 Nd6 36. g3 f3 37. g4 Nc4 38. Rc1 Nd2 39. b4 Rb7 40. Rd1 Nc4
41. Rc1 Nd2 42. Rd1 Ne4 43. Be5 Nc3 44. Rd2 Ne2+ 45. Kf1 Ra7 46. Bxg7 Ra1+ 47.
Ne1 Kxg7 48. Rd3 Rb1 49. Rxf3 Nf4 50. Ra3 d3 51. Ra7+ Kf6 52. Rd7 Rd1 0-1

[Event "European Youth Chess Championship G16"]
[Site "Prague, Top Hotel Prague"]
[Date "2016.08.20"]
[Round "3.5"]
[White "Garcia, Martin Marta"]
[Black "Koehler, Inken"]
[Result "1-0"]
[WhiteElo "2229"]
[BlackElo "2008"]
[PlyCount "47"]
[EventDate "2016.08.18"]

1. e4 c5 2. Nf3 e6 3. g3 Nc6 4. Bg2 g6 5. d4 cxd4 6. Nxd4 Bg7 7. Nb5 Qb6 8.
N1a3 Nd4 9. Be3 Qa5+ 10. b4 Qxb4+ 11. c3 Nf3+ 12. Bxf3 Bxc3+ 13. Bd2 Bxd2+ 14.
Qxd2 Qxd2+ 15. Kxd2 Ke7 16. Nc4 a6 17. Nb6 Rb8 18. Na7 Kd8 19. Rhc1 Ne7 20. e5
Nc6 21. Bxc6 dxc6 22. Naxc8 Rxc8 23. Nxc8 Kxc8 24. Ke3 1-0

[Event "European Youth Chess Championship G16"]
[Site "Prague, Top Hotel Prague"]
[Date "2016.08.20"]
[Round "3.6"]
[White "Polterauer, Chiara"]
[Black "Sieber, Fiona"]
[Result "0-1"]
[WhiteElo "2009"]
[BlackElo "2173"]
[PlyCount "152"]
[EventDate "2016.08.18"]

1. e4 c5 2. Nf3 d6 3. d4 cxd4 4. Nxd4 Nf6 5. Nc3 Nc6 6. f3 e5 7. Nb3 Be7 8. Be3
O-O 9. Qd2 a5 10. Bb5 Na7 11. Bd3 Be6 12. Rd1 Nc8 13. O-O Nb6 14. Qf2 Nc4 15.
Bxc4 Bxc4 16. Rfe1 Qb8 17. a4 b5 18. Nd2 Rc8 19. Nxc4 bxc4 20. Nb5 Ra6 21. Rd2
c3 22. bxc3 Rc4 23. Ra1 Bd8 24. Qe2 Bb6 25. Kf1 Bxe3 26. Qxe3 Rac6 27. Qd3 Ne8
28. Ra3 h6 29. Rd1 Qb6 30. Rb3 Qc5 31. Qd5 Qxd5 32. exd5 R6c5 33. Ra3 Kf8 34.
Rd3 Ke7 35. Na7 Kd7 36. Rb3 Rxa4 37. Nc6 Nc7 38. Nb8+ Kc8 39. Nc6 Kd7 40. Nb8+
Ke8 41. Rb6 Rb5 42. Rxb5 Nxb5 43. Ke2 Ra1 44. Nc6 Rc1 45. Nxa5 Rxc2+ 46. Rd2
Nxc3+ 47. Ke1 Rxd2 48. Kxd2 Nxd5 49. g3 Kd7 50. Kd3 Nb4+ 51. Kc4 Nc6 52. Nb3
Ke6 53. Kd3 Nd4 54. Nd2 d5 55. Ke3 Nc6 56. g4 g6 57. f4 e4 58. Nb3 Kd6 59. h4
f5 60. h5 gxh5 61. gxh5 d4+ 62. Ke2 Kd5 63. Nd2 Nd8 64. Nf1 Ne6 65. Ng3 Nxf4+
66. Kd1 Ke5 67. Ke1 Nd5 68. Kf2 Nf6 69. Kg2 f4 70. Nf1 Nxh5 71. Kh2 e3 72. Kg2
d3 73. Kf3 d2 74. Ke2 Ng3+ 75. Nxg3 fxg3 76. Kxe3 g2 0-1

[Event "European Youth Chess Championship G16"]
[Site "Prague, Top Hotel Prague"]
[Date "2016.08.20"]
[Round "3.7"]
[White "Bojicic, Andjela"]
[Black "Brunova, Blanka"]
[Result "1/2-1/2"]
[WhiteElo "2110"]
[BlackElo "1992"]
[PlyCount "64"]
[EventDate "2016.08.18"]

1. d4 Nf6 2. c4 g6 3. Nc3 Bg7 4. e4 d6 5. f3 O-O 6. Be3 e5 7. d5 Nh5 8. Qd2
Qh4+ 9. g3 Nxg3 10. Qf2 Nxf1 11. Qxh4 Nxe3 12. Qf2 Bh6 13. Nd1 Nxc4 14. b3 Nd2
15. Ne3 Nxe4 16. fxe4 Na6 17. O-O-O f5 18. Kb1 fxe4 19. Qe2 Nc5 20. h4 Nd3 21.
Rf1 Rf4 22. Rxf4 exf4 23. Nc2 Bf5 24. Nd4 f3 25. Qf1 Bg4 26. Ngxf3 Rf8 27. Qe2
Nc5 28. Qc4 exf3 29. Ne6 Bf5+ 30. Kb2 Bd3 31. Qg4 Bf5 32. Qc4 Bd3 1/2-1/2

[Event "European Youth Chess Championship G16"]
[Site "Prague, Top Hotel Prague"]
[Date "2016.08.20"]
[Round "3.8"]
[White "Waechter, Nathalie"]
[Black "Protopopova, Anastasiya"]
[Result "1/2-1/2"]
[WhiteElo "1993"]
[BlackElo "2108"]
[PlyCount "87"]
[EventDate "2016.08.18"]

1. d4 Nf6 2. c4 e6 3. Nc3 Bb4 4. Qc2 b6 5. e4 c5 6. d5 Qe7 7. dxe6 Qxe6 8. f3
Ba6 9. Nh3 Nc6 10. Nf4 Qe5 11. Nd3 Qd4 12. Bf4 Nxe4 13. fxe4 Qxe4+ 14. Qe2
Qxe2+ 15. Bxe2 Bxc3+ 16. bxc3 Bxc4 17. Ne5 Nxe5 18. Bxe5 Bxe2 19. Kxe2 O-O 20.
Rhe1 d5 21. Rad1 Rad8 22. Kf2 f6 23. Bg3 Kf7 24. Kf3 Rd7 25. Rd3 Rfd8 26. Bf2
Rc8 27. Kf4 g6 28. g4 Kg7 29. h4 Rf8 30. Rde3 Rff7 31. Re6 Rd8 32. Re7 Rd7 33.
Re8 Rf8 34. R1e7+ Rf7 35. Re6 d4 36. cxd4 cxd4 37. Re2 d3 38. Rd2 g5+ 39. Ke3
gxh4 40. Bxh4 f5 41. gxf5 Rxf5 42. Rxd3 Rxd3+ 43. Kxd3 Ra5 44. Kc3 1/2-1/2

[Event "European Youth Chess Championship G16"]
[Site "Prague, Top Hotel Prague"]
[Date "2016.08.20"]
[Round "3.9"]
[White "Antolak, Julia"]
[Black "Koridze, Lile"]
[Result "1-0"]
[WhiteElo "2103"]
[BlackElo "1937"]
[PlyCount "63"]
[EventDate "2016.08.18"]

1. e4 c5 2. Nf3 d6 3. d4 cxd4 4. Nxd4 Nf6 5. Nc3 Nc6 6. Bg5 e6 7. Qd2 Be7 8.
O-O-O O-O 9. f4 h6 10. Bh4 e5 11. Nf5 Bxf5 12. exf5 exf4 13. Kb1 Qb6 14. Bc4
Rac8 15. Bb3 Qc5 16. Qxf4 Rfd8 17. Nd5 Kh7 18. c3 Rf8 19. g4 Rcd8 20. g5 Nh5
21. Qg4 g6 22. f6 Ne5 23. Qe2 Bxf6 24. gxf6 Rfe8 25. Qf2 Qc8 26. Bg3 Ng4 27.
Qc2 Qc5 28. Rd4 Ne5 29. Rh4 Rh8 30. Rf1 a5 31. Qd2 Qb5 32. c4 1-0

[Event "European Youth Chess Championship G16"]
[Site "Prague, Top Hotel Prague"]
[Date "2016.08.20"]
[Round "3.10"]
[White "Frej, Zofia"]
[Black "Tishova, Svetlana"]
[Result "0-1"]
[WhiteElo "1881"]
[BlackElo "2012"]
[PlyCount "80"]
[EventDate "2016.08.18"]

1. Nf3 c5 2. c4 Nc6 3. Nc3 g6 4. e3 Bg7 5. d4 d6 6. Be2 Bg4 7. O-O e6 8. d5
exd5 9. cxd5 Nce7 10. Ne4 a6 11. Qb3 Rb8 12. Qa4+ Kf8 13. Rd1 Bxf3 14. Bxf3 Nf6
15. Nxf6 Bxf6 16. e4 Nc8 17. Qc2 Kg7 18. Bf4 b5 19. Re1 Re8 20. Rad1 Nb6 21.
Be2 Bd4 22. Bg3 Na4 23. Rb1 Qf6 24. Bf3 Bxb2 25. Rbd1 Bd4 26. Rd3 h5 27. h3 Nb2
28. Rxd4 Qxd4 29. Bxd6 Rbc8 30. Bg3 Rcd8 31. Rc1 Nd3 32. Rd1 c4 33. Bc7 Rd7 34.
Bg3 f6 35. Be2 Rxe4 36. Bxd3 cxd3 37. Rxd3 Qc4 38. Qd2 h4 39. Bh2 Rxd5 40. Rxd5
Qxd5 0-1

[Event "European Youth Chess Championship G16"]
[Site "Prague, Top Hotel Prague"]
[Date "2016.08.20"]
[Round "3.11"]
[White "Broly, Mathilde"]
[Black "Blond Hanten, Elsa"]
[Result "1-0"]
[WhiteElo "2098"]
[BlackElo "1731"]
[PlyCount "63"]
[EventDate "2016.08.18"]

1. e4 e5 2. Nf3 Nc6 3. Bb5 Bc5 4. c3 Nge7 5. d4 exd4 6. cxd4 Bb4+ 7. Bd2 Bxd2+
8. Qxd2 d5 9. exd5 Nxd5 10. O-O O-O 11. Bxc6 bxc6 12. Nc3 Bf5 13. Na4 Re8 14.
Rac1 Qd6 15. Ne5 Nb4 16. Nc4 Qe7 17. Rfe1 Qf8 18. Nc5 Nd5 19. h3 Rxe1+ 20. Rxe1
Rd8 21. Ne5 Rd6 22. h4 h6 23. a3 Qb8 24. b3 Qf8 25. Qa5 Qb8 26. Qa4 Qb6 27. Nc4
Qb8 28. Nxd6 cxd6 29. Qxc6 Nc7 30. Qxd6 Qc8 31. Re7 Nb5 32. Qe5 1-0

[Event "European Youth Chess Championship G16"]
[Site "Prague, Top Hotel Prague"]
[Date "2016.08.20"]
[Round "3.12"]
[White "Rogozenco, Teodora"]
[Black "Greibrokk, Ingrid"]
[Result "1-0"]
[WhiteElo "2071"]
[BlackElo "1912"]
[PlyCount "33"]
[EventDate "2016.08.18"]

1. d4 Nf6 2. c4 e6 3. Nc3 Bb4 4. Qc2 c5 5. dxc5 Bxc5 6. Nf3 h6 7. Bf4 O-O 8. e3
Nc6 9. O-O-O Qe7 10. g4 e5 11. Bxh6 gxh6 12. g5 Nb4 13. gxf6 Qxf6 14. Qe4 d6
15. a3 Nc6 16. Rg1+ Kh8 17. Bd3 1-0

[Event "European Youth Chess Championship G16"]
[Site "Prague, Top Hotel Prague"]
[Date "2016.08.20"]
[Round "3.13"]
[White "Stashis, Anna"]
[Black "Kochukova, Anna"]
[Result "1/2-1/2"]
[WhiteElo "1926"]
[BlackElo "2041"]
[PlyCount "103"]
[EventDate "2016.08.18"]

1. e4 e5 2. Nf3 Nf6 3. Nc3 Nc6 4. Be2 Bb4 5. Nd5 Nxe4 6. Nxb4 Nxb4 7. d3 Nf6 8.
Nxe5 d6 9. Nf3 h6 10. c3 Nbd5 11. O-O O-O 12. d4 Ne7 13. Bd3 Bf5 14. Nh4 Bxd3
15. Qxd3 Qd7 16. h3 d5 17. b3 Rfe8 18. Ba3 Ne4 19. Rfe1 Nf5 20. Nf3 Qd8 21. Ne5
Qg5 22. Bc1 Qf6 23. Qf3 Nh4 24. Qxf6 Nxf6 25. Bf4 c6 26. f3 Re7 27. Kf2 Rae8
28. g4 g5 29. Bg3 Ng6 30. Nxg6 fxg6 31. Be5 Nd7 32. Bg3 Kf7 33. Rxe7+ Rxe7 34.
Re1 Rxe1 35. Kxe1 Nf8 36. Bb8 a6 37. Kd2 Ne6 38. Ke3 Ke7 39. Bg3 Kf6 40. Be5+
Kf7 41. Bg3 Ke7 42. h4 Kf7 43. hxg5 hxg5 44. Be5 Ke7 45. Kd3 Nf4+ 46. Kd2 Ne6
47. a4 b6 48. c4 Kd7 49. Kc3 Kc8 50. Bf6 Kc7 51. Kb4 Kb7 52. Kc3 1/2-1/2